Secret window [DVD/videorecording] / Columbia ... Read More
Available copies
- 2 of 3 copies available at LARL/NWRL Consortium.
Current holds
0 current holds with 3 total copies.
Show Only Available Copies
| Location | Call Number / Copy Notes | Barcode | Shelving Location | Status | Due Date |
|---|---|---|---|---|---|
| Godel Memorial-Warren Library | DVD SEC (Text) | 35500003605795 | Main | Available | - |
| Greenbush Public Library | DVD SEC (Text) | 35500004275358 | Main | Available | - |
| Thief River Falls Public Library | DVD SEC (Text) | 35500006382277 | Main | Checked out | 05/04/2026 |
Record details
- ISBN: 1404950249
- Physical Description: 1 videodisc (96 min.) : sd., col. ; 4 3/4 in.
- Publisher: Culver City, Calif. : Columbia TriStar Home Entertainment, c2004.
Content descriptions
| General Note: | Based upon the story "Secret window, secret garden" by Stephen King. Special features: four deleted scenes (two deleted scenes include optional commentary with director ... Read More |
| Creation/Production Credits Note: | Director of photography, Fred Murphy ; editor, ... Read More |
| Participant or Performer Note: | Johnny Depp, John Turturro, Maria Bello, Timothy ... Read More |
| Summary, etc.: | Following a bitter separation from his wife, famed ... Read More |
| Target Audience Note: | MPAA rating: PG-13; for violence/terror, sexual ... Read More |
| System Details Note: | DVD, Region 1, widescreen presentation; Dolby ... Read More |
| Language Note: | English or dubbed French dialogue, French ... Read More |
Search for related items by subject
| Subject: | Authors > Drama. Plagiarism > Drama. Psychopaths > Drama. |
| Genre: | DVDs. Feature films. Video recordings for the hearing impaired. Suspense films. |
| LDR | 03644cgm a2200673Ia 4500 | ||
|---|---|---|---|
| 001 | 41886 | ||
| 003 | LARL_NWRL_CONSORTIUM | ||
| 005 | 20040728160058.0 | ||
| 007 | vd cvaizq | ||
| 008 | 040407s2004 cau096 g vleng d | ||
| 020 | . | ‡a1404950249 | |
| 024 | 1 | . | ‡a043396036635 |
| 028 | 4 | 2. | ‡a03663 ‡bColumbia TriStar Home Entertainment |
| 035 | . | ‡a(OCoLC)54902420 | |
| 037 | . | ‡bMidwest Tapes ‡nhttp://www.midwesttapes.com | |
| 040 | . | ‡aTEFMT ‡cTEFMT ‡dTEF | |
| 041 | 1 | . | ‡aeng ‡afre ‡beng ‡bfre ‡heng |
| 082 | 0 | 4. | ‡a791.43/72 ‡222 |
| 099 | . | ‡aSec | |
| 245 | 0 | 0. | ‡aSecret window ‡h[DVD/videorecording] / ‡cColumbia Pictures presents a Pariah production ; produced by Gavin Polone ; screenplay by David Koepp ; directed by David Koepp. |
| 260 | . | ‡aCulver City, Calif. : ‡bColumbia TriStar Home Entertainment, ‡cc2004. | |
| 300 | . | ‡a1 videodisc (96 min.) : ‡bsd., col. ; ‡c4 3/4 in. | |
| 500 | . | ‡aBased upon the story "Secret window, secret garden" by Stephen King. | |
| 500 | . | ‡aSpecial features: four deleted scenes (two deleted scenes include optional commentary with director David Koepp); director David Koepp's commentary; "From book to film" featurette; "A look through it" featurette; "Secrets revealed" featurette; animatics storyboards: opening credits, pushing car off cliff, twist revealed, into the garden; bonus trailers. | |
| 508 | . | ‡aDirector of photography, Fred Murphy ; editor, Jill Savitt ; music, Philip Glass ; costume designer, Odette Gadoury ; production designer, Howard Cummings. | |
| 511 | 1 | . | ‡aJohnny Depp, John Turturro, Maria Bello, Timothy Hutton, Charles S. Dutton, Len Cariou. |
| 520 | . | ‡aFollowing a bitter separation from his wife, famed mystery writer Mort Rainey is unexpectedly confronted at his remote lake house by a dangerous stranger named John Shooter. Claiming Mort has plagiarized his short story, the psychotic Shooter demands justice. When Shooter's demands turn to threats, and then to murder, Mort turns to a private detective he knows. But when nothing stops the horror from spiraling out of control, Mort soon discovers he can't trust anyone or anything. | |
| 521 | 8 | . | ‡aMPAA rating: PG-13; for violence/terror, sexual content, language. |
| 538 | . | ‡aDVD, Region 1, widescreen presentation; Dolby Digital, DTS, SDDS. | |
| 546 | . | ‡aEnglish or dubbed French dialogue, French subtitles; closed-captioned. | |
| 650 | 0. | ‡aAuthors ‡vDrama. ‡0(LARL_NWRL_CONSORTIUM)163582 | |
| 655 | 0. | ‡aDVDs. | |
| 655 | 0. | ‡aFeature films. ‡0(LARL_NWRL_CONSORTIUM)175625 | |
| 650 | 0. | ‡aPlagiarism ‡vDrama. | |
| 650 | 0. | ‡aPsychopaths ‡vDrama. | |
| 655 | 0. | ‡aVideo recordings for the hearing impaired. ‡0(LARL_NWRL_CONSORTIUM)175744 | |
| 655 | 7. | ‡aSuspense films. ‡2gsafd | |
| 700 | 1 | . | ‡aBello, Maria, ‡d1967- ‡0(LARL_NWRL_CONSORTIUM)206610 |
| 700 | 1 | . | ‡aCariou, Len. ‡0(LARL_NWRL_CONSORTIUM)87717 |
| 700 | 1 | . | ‡aCummings, Howard. ‡0(LARL_NWRL_CONSORTIUM)147432 |
| 700 | 1 | . | ‡aDepp, Johnny. ‡0(LARL_NWRL_CONSORTIUM)107194 |
| 700 | 1 | . | ‡aDutton, Charles S. ‡0(LARL_NWRL_CONSORTIUM)97504 |
| 700 | 1 | . | ‡aGadoury, Odette. ‡0(LARL_NWRL_CONSORTIUM)218509 |
| 700 | 1 | . | ‡aGlass, Philip. ‡0(LARL_NWRL_CONSORTIUM)73058 |
| 700 | 1 | . | ‡aHutton, Timothy, ‡d1960- ‡0(LARL_NWRL_CONSORTIUM)142703 |
| 700 | 1 | . | ‡aKing, Stephen, ‡d1947- ‡tSecret window, secret garden. ‡0(LARL_NWRL_CONSORTIUM)186302 |
| 700 | 1 | . | ‡aKoepp, David. ‡0(LARL_NWRL_CONSORTIUM)109981 |
| 700 | 1 | . | ‡aMurphy, Fred. ‡0(LARL_NWRL_CONSORTIUM)64164 |
| 700 | 1 | . | ‡aPolone, Gavin. ‡0(LARL_NWRL_CONSORTIUM)148913 |
| 700 | 1 | . | ‡aSavitt, Jill. |
| 700 | 1 | . | ‡aTurturro, John, ‡d1957- ‡0(LARL_NWRL_CONSORTIUM)142848 |
| 710 | 2 | . | ‡aColumbia Pictures. ‡0(LARL_NWRL_CONSORTIUM)7037 |
| 710 | 2 | . | ‡aColumbia TriStar Home Entertainment (Firm) ‡0(LARL_NWRL_CONSORTIUM)146951 |
| 710 | 2 | . | ‡aPariah Film (Firm) ‡0(LARL_NWRL_CONSORTIUM)212569 |
| 901 | . | ‡a41886 ‡bOCLC ‡c41886 ‡tbiblio | |

Add to basket
Permalink
Disable Highlighting